Τουριστικά γραφεία : ίδρυση-οργάνωση-λειτουργία
Αποθηκεύτηκε σε:
| Κύριος συγγραφέας: | |
|---|---|
| Μορφή: | Βιβλίο |
| Γλώσσα: | Greek |
| Δημοσίευση: |
Αθήνα :
Interbooks,
1995
|
| Θέματα: | |
| Ετικέτες: |
Προσθήκη ετικέτας
Δεν υπάρχουν, Καταχωρήστε ετικέτα πρώτοι!
|
MARC
| LEADER | 00000cam a2200000 i 4500 | ||
|---|---|---|---|
| 001 | 1/54764 | ||
| 008 | 960509s1995 gre d | ||
| 020 | |a 960-390-003-6 | ||
| 035 | |l 10027738 | ||
| 040 | |a GR-MY-UA |b gre |e aacr | ||
| 041 | 0 | |a gre | |
| 082 | 0 | |a 338.4791 | |
| 100 | 1 | |a Χυτήρης, Λεωνίδας Σ., |d 1955- | |
| 245 | 1 | 0 | |a Τουριστικά γραφεία : |b ίδρυση-οργάνωση-λειτουργία / |c Λεωνίδας Σ. Χυτήρης |
| 260 | |a Αθήνα : |b Interbooks, |c 1995 | ||
| 300 | |a 206 σ. | ||
| 500 | |a Α. Ορολογία τουριστικών στατιστικών. Β. Θετικές και άρνητικές επιπτώσεις του τουρισμού. Γ. Λογισμικό (Software) τουριστικών γραφείων. Βιβλιογραφία. | ||
| 650 | 0 | 0 | |a Tourism |x Management. |
| 650 | 0 | 0 | |a Travel agents. |
| 852 | |a INST |b CHIOS |e 19960509 |h 338.4791 ΧΥΤ |p 005200000103 |q 005200000103 |t BK |y 0 | ||
| 852 | |a INST |b CHIOS |e 19960509 |h 338.4791 ΧΥΤ |p 005200000104 |q 005200000104 |t BK |y 0 | ||
| 852 | |a INST |b CHIOS |e 19961210 |h 338.4791 ΧΥΤ |p 005200010907 |q 005200010907 |t BK |y 0 | ||
| 852 | |a INST |b CHIOS |e 19960924 |h 338.4791 ΧΥΤ |p 005200011628 |q 005200011628 |t BK |y 0 | ||
| 852 | |a INST |b CHIOS |e 20040116 |h 338.4791 ΧΥΤ |p 005200012793 |q 005200012793 |t BK |y 0 | ||
| 852 | |a INST |b CHIOS |e 20001030 |h 338.4791 ΧΥΤ |p 005200017208 |q 005200017208 |t BK |y 0 | ||
| 852 | |a INST |b CHIOS |e 20001030 |h 338.4791 ΧΥΤ |p 005200017209 |q 005200017209 |t BK |y 0 | ||
| 852 | |a INST |b CHIOS |e 20020402 |h 338.4791 ΧΥΤ |p 005200019875 |q 005200019875 |t BK |y 0 | ||
| 852 | |a INST |b CHIOS |e 20010821 |h 338.4791 ΧΥΤ |p 005200021030 |q 005200021030 |t BK |y 0 | ||
| 852 | |a INST |b LESVOS |e 19990519 |h 338.4791 ΧΥΤ |p 005100016394 |q 005100016394 |t BK |y 0 | ||
| 901 | |a BIBL2-2000-3 | ||
| 901 | |a BIBL2-2001-1 | ||
| 901 | |a BIBL2-2002-1 | ||
| 901 | |a BIBL2-2004-1 | ||
| 909 | |a Χ |b 045457 | ||
| 909 | |a Χ |b 107777 | ||
| 909 | |a Χ |b 045458 | ||
| 909 | |a Χ |b 045292 | ||
| 909 | |a Χ |b 047977 | ||
| 909 | |a Χ |b 076154 | ||
| 909 | |a Χ |b 076155 | ||
| 909 | |a Χ |b 083872 | ||
| 909 | |a Χ |b 099895 | ||
| 909 | |a Λ |b 063619 | ||